000 00593nam a22001937a 4500
999 _c6155
_d6155
003 AR-CdUCM
008 190313b ||||| |||| 00| 0 spa d
040 _aMUNICIPALIDAD PROVINCIAL DEL CUSCO
_cBIBLIOTECA MUNICIPAL DEL CUSCO
082 _28ed.
_a861.08 /
_bM42
100 _aMenéndez Pidal, Ramón
_93564
245 _aFlor nueva de romances viejos /
260 _aBuenos Aires :
_bEspasa Calpe,
_c1950.
300 _a250 páginas ;
_c17.5 cm.
500 _aDonación familia Nieto
650 _aRomances españoles
_912875
650 _aSiglo XX
_98
942 _2ddc
_cLIBROS
945 _aafb